LDR 01094naa#a2200181#i#450# 001 RU\\bibl\116333 005 20260418111148.6 011 ## _a2409-1073 100 ## _a20260401b2026####ek#y0rusy0150####ca 102 ## _aRU 200 1# _aИнформационная энтропия в теории энергоэволюционизма с точки зрения научной рациональности _eЖурнальная статья 210 1# _aМосква _cФедеральное государственное автономное образовательное учреждение высшего образования Национальный исследовательский университет "Московский институт электронной техники" _d2026 215 ## _a0 с. 608 ## _aЖурнальная статья _2local 675 ## _aУсловия, источники и виды познания. 165.1 _z 700 #1 _aСеменов _gСергей Петрович 700 #1 _aТимошенков _gСергей Петрович 856 4# _aesgi-journal.ru _u